| 000 | 00653nam a2200181 a 4500 | ||
|---|---|---|---|
| 001 | 000042193 | ||
| 005 | 20201002040010.0 | ||
| 008 | 131119s1982 sp a 000 0 spa d | ||
| 020 | _a8400052320 | ||
| 040 |
_aDO-SdBNP _bspa _cBNPHU |
||
| 100 | 1 |
_aBlázquez, José María _d1926- _968600 |
|
| 245 | 1 | 0 |
_aMosaicos romanos de la Real Academia de la Historia, Ciudad Real, Toledo, Madrid y Cuenca / _cJ. M. Blázquez. |
| 260 |
_aMadrid : _bCSIC, _c1982. |
||
| 300 |
_a75 p. (50 lám.) ; _c28 cm. |
||
| 490 | 1 |
_aCorpus de mosaicos de España ; _v5 |
|
| 710 | 2 |
_aInstituto Español de Arqueología, _968601 |
|
| 830 | 0 |
_aCorpus de mosaicos de España ; _v5 _968602 |
|
| 999 |
_c41682 _d41682 |
||